| 000 | 00864cam a2200157 4500500 | ||
|---|---|---|---|
| 005 | 20260405001408.0 | ||
| 041 | _afre | ||
| 042 | _adc | ||
| 100 | 1 | 0 |
_aRibereau-Gayon, Philippe _eauthor |
| 245 | 0 | 0 | _aOliver Sacks, L’œil de l’esprit . Trad. de l’anglais (États-Unis) par C. Cler. Seuil, 2012, 288 pages, 22,50 € |
| 260 | _c2012. | ||
| 500 | _a95 | ||
| 520 | _aRésuméRevenir sur Tintin au Congo (1931) quatre-vingt ans après sa parution, est intéressant non seulement pour interroger le regard que pouvaient porter dans les années 30 les sociétés européennes sur l’Afrique et les Africains, mais aussi pour comprendre les controverses récentes concernant cette œuvre. | ||
| 786 | 0 | _nÉtudes | 417 | 7 | 2012-07-01 | p. XV-XV | 0014-1941 | |
| 856 | 4 | 1 | _uhttps://shs.cairn.info/revue-etudes-2012-7-page-XV?lang=fr&redirect-ssocas=7080 |
| 999 |
_c2047207 _d2047207 |
||